000 00540nam a2200193Ia 4500
005 20260120124553.0
008 008 260114s9999 xx 000 0 eng d
020 _a9780857248657
037 _aEBOOK
040 _aCRL
_beng
_cCRL
041 _aeng
_2eng
084 _qCRL
245 0 _aEnvironment Disaster Linkages
260 _bEmerald Publishing
_c2012
700 _aRajib Shaw
_9907896
856 _uhttps://www.emerald.com/insight/publication/doi/10.1108/S2040-7262(2012)9
942 _cEBOOK
999 _c1499783
_d1499783